00465nam a22001572 4500001001100000005001700011008004100028040001500069245007100084250001300155260004600168300001600214651004100230700003300271852000300304000001286420151217155853.0090325s xx 000 0 eng d aKABUcKABU10aDar es Salaam :bcity, port and region /cJ. E. G. Sutton, editor. a1st ed. aDar es Salaam :bTanzania Society,c1970. aix, 213 p. 0aDar es Saalam (Tanzania)@00001698311 aSutton, J. E. G.@00001698321